[Event "Landsholdsklassen"]
[Site "Hillerød"]
[Date "2010.04.01"]
[Round "6"]
[White "Hansen, Sune Berg"]
[Black "Antonsen, Mikkel Djernæs"]
[Result "1/2-1/2"]
[WhiteElo "2556"]
[BlackElo "2442"]
[PlyCount "105"]
[EventDate "2010.03.27"]
[EventRounds "1"]
[EventCountry "DEN"]
[SourceDate "2010.03.24"]

1. e4 e5 2. Nf3 Nf6 3. d4 Nxe4 4. dxe5 d5 5. Nbd2 Nc5 6. Nb3 Ne6 7. c4 dxc4 8.
Bxc4 Qxd1+ 9. Kxd1 Nd7 10. Bd2 Nb6 11. Bb5+ Bd7 12. Bxd7+ Nxd7 13. Kc2 O-O-O
14. Be3 Be7 15. Rhe1 Rhe8 16. Re2 Nb6 17. Bd2 h5 18. Re4 Nd5 19. Rae1 c5 20.
Na5 Rd7 21. g3 Red8 22. Nc4 b5 23. Ne3 Nxe3+ 24. Bxe3 Kb7 25. a4 a6 26. b3 Rd3
27. Re2 f5 28. exf6 Bxf6 29. Ne5 c4 30. bxc4 Ra3 31. Rd2 Ra2+ 32. Kd1 Raxd2+
33. Bxd2 Nc5 34. Re3 Bxe5 35. Rxe5 Nb3 36. cxb5 Rxd2+ 37. Ke1 a5 38. Re7+ Kb6
39. Rxg7 Rd4 40. Rg6+ Kb7 41. Rg7+ Kb6 42. Rg6+ Kc7 43. Rg7+ Kd6 44. Rg6+ Ke7
45. Rh6 Rxa4 46. Rxh5 Rb4 47. h4 a4 48. Rh7+ Kf6 49. Ra7 Nc5 50. Kd2 Rxb5 51.
Kc3 Rb1 52. Kd4 Rc1 53. g4 1/2-1/2

[Event "Landsholdsklassen"]
[Site "Hillerød"]
[Date "2010.04.02"]
[Round "7"]
[White "Antonsen, Mikkel Djernæs"]
[Black "Andersen, Mads"]
[Result "1-0"]
[WhiteElo "2442"]
[BlackElo "2332"]
[PlyCount "97"]
[EventDate "2010.03.27"]
[EventRounds "1"]
[EventCountry "DEN"]
[SourceDate "2010.03.24"]

1. d4 Nf6 2. c4 g6 3. Nc3 d5 4. cxd5 Nxd5 5. e4 Nxc3 6. bxc3 Bg7 7. Be3 c5 8.
Nf3 Qa5 9. Qd2 O-O 10. Rc1 cxd4 11. cxd4 Qxd2+ 12. Kxd2 Rd8 13. Ke1 Bg4 14. d5
Na6 15. Bc4 Rdc8 16. Ke2 Nc5 17. h3 Bd7 18. Nd2 Na4 19. f4 b5 20. Bb3 Nc3+ 21.
Kf3 a5 22. e5 e6 23. dxe6 Bxe6 24. Bxe6 fxe6 25. Rc2 b4 26. Rhc1 Rf8 27. Bc5
Rf7 28. Bd6 g5 29. g3 gxf4 30. g4 Bf8 31. Ne4 Bxd6 32. exd6 Rd8 33. Nxc3 bxc3
34. Rd1 Rfd7 35. Rxc3 Rxd6 36. Rxd6 Rxd6 37. Kxf4 Kf7 38. Kg5 Rd7 39. Kh6 Kf6
40. Rc5 Rd3 41. h4 Rd5 42. Rc7 Rd2 43. g5+ Kf5 44. Kxh7 Rh2 45. Rc4 e5 46. g6
e4 47. Rc5+ Kf6 48. h5 e3 49. g7 1-0

[Event "Landsholdsklassen"]
[Site "Hillerød"]
[Date "2010.04.02"]
[Round "7"]
[White "Pedersen, Steffen"]
[Black "Hansen, Sune Berg"]
[Result "0-1"]
[WhiteElo "2432"]
[BlackElo "2556"]
[PlyCount "74"]
[EventDate "2010.03.27"]
[EventRounds "1"]
[EventCountry "DEN"]
[SourceDate "2010.03.24"]

1. d4 e6 2. c4 Nf6 3. Nc3 Bb4 4. Qc2 c5 5. dxc5 O-O 6. Nf3 Na6 7. Bd2 Nxc5 8.
a3 Bxc3 9. Bxc3 Nce4 10. Bxf6 Nxf6 11. e4 d6 12. Bd3 Qc7 13. O-O b6 14. Rfe1
Bb7 15. e5 dxe5 16. Nxe5 Rad8 17. Re3 Rd4 18. Rae1 Rfd8 19. Qe2 g6 20. b4 Ba8
21. b5 Qc5 22. h3 Nd7 23. Nxd7 R8xd7 24. Qc2 Bb7 25. Qb3 Qg5 26. Bf1 Rd2 27.
Qc3 Qf5 28. R1e2 Rd1 29. Re1 R7d2 30. R3e2 Rxe2 31. Rxd1 Qxf2+ 32. Kh2 e5 33.
Rd8+ Kg7 34. Qb4 Qxf1 35. Qf8+ Kf6 36. Rd6+ Kg5 37. Qe7+ f6 0-1

[Event "Landsholdsklassen"]
[Site "Hillerød"]
[Date "2010.04.02"]
[Round "7"]
[White "Fries Nielsen, Jens Ove"]
[Black "Rasmussen, Allan Stig"]
[Result "0-1"]
[WhiteElo "2432"]
[BlackElo "2484"]
[PlyCount "106"]
[EventDate "2010.03.27"]
[EventRounds "1"]
[EventCountry "DEN"]
[SourceDate "2010.03.24"]

1. e4 c6 2. Nf3 d5 3. d3 g6 4. Nbd2 Bg7 5. g3 e5 6. Bg2 Ne7 7. O-O O-O 8. Re1
Qc7 9. b3 a5 10. a3 Nd7 11. Bb2 d4 12. c3 dxc3 13. Bxc3 Rd8 14. b4 b5 15. Nb3
a4 16. Nbd2 Qd6 17. Qc2 c5 18. bxc5 Qxc5 19. Qb2 Nc6 20. Rec1 Qb6 21. Bf1 Rb8
22. Rab1 Qa7 23. Kg2 Ba6 24. h4 h5 25. Be2 Re8 26. Qa2 Rbd8 27. Ba1 Nc5 28. Ng5
Bf8 29. Ndf3 Nd4 30. Bxd4 exd4 31. Rc2 Rd7 32. Rbb2 Kg7 33. Nd2 Qb6 34. Qb1 Qd6
35. Qc1 Rc8 36. Ngf3 Rdc7 37. Qb1 Qd8 38. Qa2 Ne6 39. Rxc7 Rxc7 40. Qa1 Rc3 41.
Ra2 Kg8 42. Qb2 Qc7 43. Ne1 Bh6 44. Nef3 Qc5 45. Kh2 Bc8 46. Kg2 Bd7 47. Kh2
Nd8 48. e5 Bc6 49. Qa1 Ne6 50. Qb2 Bd5 51. Ne4 Bxe4 52. dxe4 d3 53. Bd1 Rc2 0-1

[Event "Landsholdsklassen"]
[Site "Hillerød"]
[Date "2010.04.02"]
[Round "7"]
[White "Glud, Jacob Vang"]
[Black "Aagaard Madsen, Jacob"]
[Result "1-0"]
[WhiteElo "2491"]
[BlackElo "2535"]
[PlyCount "97"]
[EventDate "2010.03.27"]
[EventRounds "1"]
[EventCountry "DEN"]
[SourceDate "2010.03.24"]

1. c4 e5 2. g3 Nf6 3. Bg2 d5 4. cxd5 Nxd5 5. Nf3 Nc6 6. O-O Nb6 7. d3 Be7 8.
Nbd2 O-O 9. a3 a5 10. b3 Be6 11. Bb2 f6 12. Qc2 Rf7 13. Rfd1 Bf8 14. e3 Rd7 15.
d4 exd4 16. Bxd4 Nxd4 17. Nxd4 Bg4 18. Be4 g6 19. Bf3 Bxf3 20. N4xf3 Qe7 21.
Nc4 Nxc4 22. Qxc4+ Kh8 23. a4 c6 24. h4 Rad8 25. Rxd7 Rxd7 26. h5 gxh5 27. Kg2
Qf7 28. Qc3 Bb4 29. Qb2 h4 30. Nxh4 Rd2 31. Qb1 Qd5+ 32. Nf3 Rd3 33. Qh1 Qxb3
34. Qh4 Qf7 35. Qf4 Rd7 36. Rh1 Bf8 37. Qf5 Rd5 38. Qc8 Kg7 39. Nd4 Rd7 40. Rh4
Qd5+ 41. Kg1 h5 42. g4 c5 43. Rxh5 Qf7 44. Nf5+ Kg6 45. Nh4+ Kg7 46. Nf5+ Kg6
47. Rh8 Qe6 48. Qxf8 Rd1+ 49. Kh2 1-0

[Event "Landsholdsklassen"]
[Site "Hillerød"]
[Date "2010.04.02"]
[Round "7"]
[White "Schandorff, Lars"]
[Black "Bromann, Thorbjørn"]
[Result "1/2-1/2"]
[WhiteElo "2494"]
[BlackElo "2439"]
[PlyCount "52"]
[EventDate "2010.03.27"]
[EventRounds "1"]
[EventCountry "DEN"]
[SourceDate "2010.03.24"]

1. d4 Nf6 2. Nf3 c5 3. dxc5 Na6 4. g3 Nxc5 5. Bg2 g6 6. O-O Bg7 7. c4 O-O 8.
Nc3 b6 9. Nd4 Bb7 10. Bxb7 Nxb7 11. b3 d5 12. Nc6 Qd7 13. cxd5 Qh3 14. f3 Nh5
15. Qe1 Rfe8 16. Bd2 e6 17. Rc1 exd5 18. Nxd5 Qd7 19. e4 Nc5 20. b4 Nd3 21. Qe3
Nxc1 22. Rxc1 Nf6 23. Qd3 Nxd5 24. exd5 Kh8 25. b5 Re6 26. Nb4 Re7 1/2-1/2

[Event "Landsholdsklassen"]
[Site "Hillerød"]
[Date "2010.04.03"]
[Round "8"]
[White "Andersen, Mads"]
[Black "Bromann, Thorbjørn"]
[Result "1/2-1/2"]
[WhiteElo "2332"]
[BlackElo "2439"]
[PlyCount "51"]
[EventDate "2010.03.27"]
[EventRounds "1"]
[EventCountry "DEN"]
[SourceDate "2010.03.24"]

1. d4 Nf6 2. c4 c5 3. d5 b5 4. Qc2 bxc4 5. e4 d6 6. Bxc4 g6 7. Nf3 Bg7 8. O-O
O-O 9. Bd2 Nbd7 10. Bc3 Nb6 11. Na3 Nxc4 12. Nxc4 Ba6 13. b3 Rb8 14. Rfe1 Re8
15. Rad1 Bxc4 16. bxc4 Nd7 17. Rb1 Bxc3 18. Qxc3 Qc7 19. Rb3 f6 20. Ra1 Rb7 21.
Nd2 Reb8 22. Rab1 Rb6 23. Kf1 Ra6 24. Ke2 Kg7 25. a3 Rxb3 26. Rxb3 1/2-1/2

[Event "Landsholdsklassen"]
[Site "Hillerød"]
[Date "2010.04.03"]
[Round "8"]
[White "Rasmussen, Allan Stig"]
[Black "Glud, Jacob Vang"]
[Result "1/2-1/2"]
[WhiteElo "2484"]
[BlackElo "2491"]
[PlyCount "82"]
[EventDate "2010.03.27"]
[EventRounds "1"]
[EventCountry "DEN"]
[SourceDate "2010.03.24"]

1. e4 e5 2. Nf3 Nc6 3. Bb5 Nf6 4. O-O Nxe4 5. d4 Nd6 6. Bxc6 dxc6 7. dxe5 Nf5
8. Qxd8+ Kxd8 9. Nc3 Ke8 10. h3 h5 11. Bf4 Be7 12. Rad1 Nh4 13. Nd4 Nf5 14.
Nce2 g5 15. Bh2 Rh6 16. Nxf5 Bxf5 17. Nd4 Bd7 18. f4 c5 19. Ne2 Rd8 20. c4 Bc6
21. b3 gxf4 22. Rxd8+ Bxd8 23. Bxf4 Rg6 24. g3 b5 25. Be3 bxc4 26. bxc4 Bd7 27.
Kg2 Ra6 28. Nc3 Ra3 29. Rc1 Be7 30. Rc2 Bf5 31. Bc1 Bxc2 32. Bxa3 Bd3 33. Nd5
Bxc4 34. Nxe7 Kxe7 35. Bxc5+ Ke6 36. Bxa7 Bxa2 37. Kf3 Kxe5 38. Bb8 Bd5+ 39.
Ke3 Kd6 40. h4 Kc6 41. Ba7 Be6 1/2-1/2

[Event "Landsholdsklassen"]
[Site "Hillerød"]
[Date "2010.04.03"]
[Round "8"]
[White "Hansen, Sune Berg"]
[Black "Fries Nielsen, Jens Ove"]
[Result "1-0"]
[WhiteElo "2556"]
[BlackElo "2432"]
[PlyCount "67"]
[EventDate "2010.03.27"]
[EventRounds "1"]
[EventCountry "DEN"]
[SourceDate "2010.03.24"]

1. Nf3 d5 2. d4 Bf5 3. c4 e6 4. Nc3 c6 5. Bf4 Nd7 6. Qb3 Qb6 7. c5 Qxb3 8. axb3
a6 9. b4 Rc8 10. Nd2 Be7 11. h3 Ngf6 12. Nb3 Bd8 13. e3 O-O 14. Na5 Bxa5 15.
bxa5 Rfe8 16. Kd2 e5 17. Bg3 exd4 18. exd4 Ne4+ 19. Nxe4 Rxe4 20. f3 Ree8 21.
Ra4 Ra8 22. Rb4 Ra7 23. Bd6 Nf8 24. g4 Bc8 25. Bd3 Bd7 26. h4 h6 27. Rg1 g6 28.
f4 Nh7 29. Be5 Bc8 30. Bc2 Bd7 31. Rb3 Nf8 32. f5 Bc8 33. Rf3 Bd7 34. Rgf1 1-0

[Event "Landsholdsklassen"]
[Site "Hillerød"]
[Date "2010.04.03"]
[Round "8"]
[White "Antonsen, Mikkel Djernæs"]
[Black "Pedersen, Steffen"]
[Result "1-0"]
[WhiteElo "2442"]
[BlackElo "2432"]
[PlyCount "93"]
[EventDate "2010.03.27"]
[EventRounds "1"]
[EventCountry "DEN"]
[SourceDate "2010.03.24"]

1. d4 d5 2. c4 c6 3. Nc3 dxc4 4. e4 b5 5. a4 b4 6. Nce2 Ba6 7. Nf3 e6 8. Qc2 c5
9. Ng3 b3 10. Qc3 Nc6 11. Bxc4 cxd4 12. Qd3 Bb4+ 13. Ke2 Bxc4 14. Qxc4 d3+ 15.
Qxd3 Qxd3+ 16. Kxd3 Nf6 17. Bf4 Nd7 18. Rhc1 Rc8 19. Ke2 Ke7 20. Be3 Bd6 21.
Rc3 Nb4 22. Rac1 Nc2 23. Bd2 Rxc3 24. Bxc3 Rc8 25. e5 Bb8 26. Ne4 Nb6 27. Nfd2
Nxa4 28. Nxb3 Nxc3+ 29. Nxc3 Nb4 30. Nd5+ Nxd5 31. Rxc8 Bxe5 32. Rc2 f5 33. h3
Nf4+ 34. Kf1 Nd3 35. Na5 Bf6 36. b3 a6 37. Rc7+ Ke8 38. Rc6 Kd7 39. Rxa6 Bd4
40. Nc4 e5 41. g4 fxg4 42. hxg4 Ke7 43. f3 g6 44. Nd2 Nc5 45. Ra8 Be3 46. Nc4
Bd4 47. b4 1-0

[Event "Landsholdsklassen"]
[Site "Hillerød"]
[Date "2010.04.04"]
[Round "9"]
[White "Pedersen, Steffen"]
[Black "Andersen, Mads"]
[Result "1/2-1/2"]
[WhiteElo "2432"]
[BlackElo "2332"]
[PlyCount "38"]
[EventDate "2010.03.27"]
[EventRounds "1"]
[EventCountry "DEN"]
[SourceDate "2010.03.24"]

1. d4 Nf6 2. c4 g6 3. Nc3 d5 4. Qb3 dxc4 5. Qxc4 Bg7 6. e4 O-O 7. Be2 Na6 8.
Nf3 c5 9. d5 e6 10. O-O exd5 11. exd5 Bf5 12. Rd1 Qb6 13. d6 Rad8 14. Be3 Rxd6
15. Na4 Rxd1+ 16. Rxd1 Qa5 17. Nxc5 Nxc5 18. Qxc5 Qxa2 19. Qb5 Be6 1/2-1/2

[Event "Landsholdsklassen"]
[Site "Hillerød"]
[Date "2010.04.04"]
[Round "9"]
[White "Glud, Jacob Vang"]
[Black "Hansen, Sune Berg"]
[Result "1/2-1/2"]
[WhiteElo "2491"]
[BlackElo "2556"]
[PlyCount "96"]
[EventDate "2010.03.27"]
[EventRounds "1"]
[EventCountry "DEN"]
[SourceDate "2010.03.24"]

1. Nf3 c5 2. c4 Nc6 3. g3 g6 4. Bg2 Bg7 5. O-O Nh6 6. Nc3 Nf5 7. a3 a5 8. d3
O-O 9. Rb1 d6 10. Bd2 Bd7 11. Nb5 Qc8 12. e3 Nh6 13. Bc3 Bxc3 14. Nxc3 Bh3 15.
Nd5 Bxg2 16. Kxg2 Qd8 17. Qb3 Ra7 18. Qc3 Ng4 19. d4 e6 20. Nf4 cxd4 21. exd4
d5 22. cxd5 exd5 23. Qc5 Nf6 24. Ne5 Ra6 25. Rfe1 g5 26. Nfd3 Ne4 27. Qb5 Nxd4
28. Qxb7 Qa8 29. Qd7 Ne6 30. Rbc1 Kg7 31. f3 Nf6 32. Qa4 Rc8 33. h4 h6 34. hxg5
hxg5 35. Nd7 Rc4 36. Rxc4 dxc4 37. N3e5 Rd6 38. Nxf6 Rd2+ 39. Kg1 Qh8 40. Neg4
Qh3 41. Nh5+ Kh7 42. Nf2 Qxh5 43. Qxa5 Rxb2 44. Qf5+ Qg6 45. Qxg6+ Kxg6 46. Rc1
Rb3 47. Kg2 c3 48. Nd1 Rxa3 1/2-1/2

[Event "Landsholdsklassen"]
[Site "Hillerød"]
[Date "2010.04.04"]
[Round "9"]
[White "Schandorff, Lars"]
[Black "Rasmussen, Allan Stig"]
[Result "1/2-1/2"]
[WhiteElo "2494"]
[BlackElo "2484"]
[PlyCount "27"]
[EventDate "2010.03.27"]
[EventRounds "1"]
[EventCountry "DEN"]
[SourceDate "2010.03.24"]

1. d4 d5 2. c4 dxc4 3. Nf3 Nf6 4. e3 e6 5. Bxc4 c5 6. O-O a6 7. dxc5 Bxc5 8.
Qxd8+ Kxd8 9. Nbd2 Ke7 10. b3 Nbd7 11. Bb2 b6 12. Rad1 Bb7 13. Be2 Rhd8 14. Nd4
1/2-1/2